| 000 | 01945nam a2200397 a 4500 | ||
|---|---|---|---|
| 001 | ebr10211303 | ||
| 003 | CaPaEBR | ||
| 006 | m u | ||
| 007 | cr cn||||||||| | ||
| 008 | 050615s2006 enka sb 001 0 eng | ||
| 010 | _z 2005017269 | ||
| 015 |
_aGBA598519 _2bnb |
||
| 016 | 7 |
_z013342548 _2Uk |
|
| 020 | _z0754633888 (alk. paper) | ||
| 040 |
_aCaPaEBR _cCaPaEBR |
||
| 035 | _a(OCoLC)319492026 | ||
| 043 | _ae-uk--- | ||
| 050 | 1 | 4 |
_aZ679.5 _b.D49 2006eb |
| 082 | 0 | 4 |
_a022/.3 _222 |
| 100 | 1 | _aDewe, Michael. | |
| 245 | 1 | 0 |
_aPlanning public library buildings _h[electronic resource] : _bconcepts and issues for the librarian / _cMichael Dewe. |
| 260 |
_aAldershot, England ; _aBurlington, VT : _bAshgate Pub., _cc2006. |
||
| 300 |
_axii, 354 p. : _bill. |
||
| 504 | _aIncludes bibliographical references (p. 335-340) and index. | ||
| 505 | 0 | _aMission and roles -- Sources of renewal and innovation -- Service point provision, size and shape -- 'Location, location, location' -- Alternatives to new buildings -- Sustainability, safety, security and systems -- Planning, design and construction -- Key qualities in design and evaluation -- Identity, communication and style -- The library interior -- Anything it needs to be? | |
| 533 |
_aElectronic reproduction. _bPalo Alto, Calif. : _cebrary, _d2013. _nAvailable via World Wide Web. _nAccess may be limited to ebrary affiliated libraries. |
||
| 650 | 0 |
_aLibrary buildings _xDesign and construction. |
|
| 650 | 0 |
_aPublic libraries _xPlanning. |
|
| 650 | 0 | _aLibrary architecture. | |
| 650 | 0 |
_aLibrary buildings _zGreat Britain _xDesign and construction. |
|
| 650 | 0 |
_aPublic libraries _zGreat Britain _xPlanning. |
|
| 650 | 0 |
_aLibrary architecture _zGreat Britain. |
|
| 655 | 7 |
_aElectronic books. _2local |
|
| 710 | 2 | _aebrary, Inc. | |
| 856 | 4 | 0 |
_uhttp://site.ebrary.com/lib/rucke/Doc?id=10211303 _zAn electronic book accessible through the World Wide Web; click to view |
| 999 |
_c227740 _d227740 |
||